Administración de operaciones / (Record no. 83337)

MARC details
000 -CABECERA
campo de control de longitud fija 00803nam a2200229 a 4500
005 - FECHA Y HORA DE LA ÚLTIMA TRANSACCIÓN
campo de control 20240215063832.0
008 - ELEMENTOS DE LONGITUD FIJA--INFORMACIÓN GENERAL
campo de control de longitud fija 010709s1992 mx r 000 0 spa d
020 ## - NÚMERO INTERNACIONAL NORMALIZADO PARA LIBROS
Número Internacional Estándar del Libro 9701000889
035 ## - NÚMERO DE CONTROL DEL SISTEMA
Número de control de sistema UPN01000109426
049 ## - COLECCIÓN
Colección CG
050 #4 - SIGNATURA TOPOGRÁFICA DE LA BIBLIOTECA DEL CONGRESO
Número de clasificación T57.7
Número de documento/Ítem S3.28 1992
100 1# - ASIENTO PRINCIPAL--NOMBRE PERSONAL
Nombre de persona Schroeder, Roger Glenn
9 (RLIN) 34500
245 10 - MENCIÓN DE TÍTULO
Título Administración de operaciones /
Mención de responsabilidad, etc. Roger G. Schroeder; tr. Gerardo Maldonado Vázquez.
250 ## - MENCIÓN DE EDICIÓN
Mención de edición 3a ed.
260 ## - PUBLICACIÓN, DISTRIBUCIÓN, ETC.
Lugar de publicación, distribución, etc. México :
Nombre del editor, distribuidor, etc. McGraw-Hill Interamericana,
Fecha de publicación, distribución, etc. c1992
300 ## - DESCRIPCIÓN FÍSICA
Extensión 855 p.
500 ## - NOTA GENERAL
Nota general Subtítulo de la cubierta: Toma de decisiones en la función de operaciones.
534 ## - NOTA SOBRE LA VERSIÓN ORIGINAL
Frase introductoria Traducción de:
Mención de título del original Operations management : decision making in the operations function
650 #4 - ASIENTO SECUNDARIO DE MATERIA - TERMINO TEMATICO
Término de materia o nombre geográfico como elemento de entrada Investigación operativa
9 (RLIN) 21138
650 #4 - ASIENTO SECUNDARIO DE MATERIA - TERMINO TEMATICO
Término de materia o nombre geográfico como elemento de entrada Administración
9 (RLIN) 28
905 ## - TIPO DE MATERIAL
Tipo de material Libro
Holdings
Estado de retiro Estado de pérdida Fuente del sistema de clasificación o colocación Estado dañado No para préstamo Código de colección Localización permanente Ubicación/localización actual Ubicación en estantería Enumeración/cronología de publicación seriada Total de préstamos Clasificación Código de barras Fecha visto por última vez Número de copia Tipo de ítem Koha Renovaciones totales Fecha del último préstamo
    Library of Congress Classification     Colección General Bib. Gregorio Torres Quintero Bib. Gregorio Torres Quintero Planta baja ej.2 2 T57.7 S3.28 1992 163616 31/12/2020 1 Libro    
    Library of Congress Classification     Colección General Bib. Gregorio Torres Quintero Bib. Gregorio Torres Quintero Planta baja   10 T57 .7 S3.28 1992 163615 04/02/2025 1 Libro 1 12/12/2024
    Library of Congress Classification     Colección General Bib. Gregorio Torres Quintero Bib. Gregorio Torres Quintero Planta baja ej.3 4 T57.7 S3.28 1992 163617 31/12/2020 1 Libro